Teoretické aspekty podnikateľského prostredia a ich praktická aplikácia na Slovensku

Analýza vybraných častí podnikateľského prostredia ovplyvňujúcich podnikanie na Slovensku.

Uložené v:
Podrobná bibliografia
Hlavný autor: Kinčáková, Michaela
Médium: Kapitola
Jazyk:Slovak
Predmet:
Tagy: Pridať tag
Žiadne tagy, Buďte prvý, kto otaguje tento záznam!

MARC

LEADER 00000naa$a2200000$$$4500
001 0173813
005 20240502072949.8
041 0 |a slo 
044 |a SK 
245 1 0 |a Teoretické aspekty podnikateľského prostredia a ich praktická aplikácia na Slovensku  |c Michaela Kinčáková 
520 |a Analýza vybraných častí podnikateľského prostredia ovplyvňujúcich podnikanie na Slovensku. 
610 2 0 |a Slovensko 
610 2 0 |a prostredie podnikateľské 
610 2 0 |a podnikanie 
610 2 0 |a financovanie 
610 2 0 |a politika podnikania 
610 2 0 |a podpora podnikania 
610 2 0 |a konkurencieschopnosť 
100 1 |a Kinčáková, Michaela